| 000 | 00709nam a2200217 4500 | ||
|---|---|---|---|
| 003 | OSt | ||
| 005 | 20240724024728.0 | ||
| 006 | a | ||
| 008 | 240724b |||||||| |||| 00| 0 eng d | ||
| 020 | _a9717560269 | ||
| 040 |
_aDWCL-HMN lib. _cOC |
||
| 082 | _aFil. 362.12 J61c 2005 | ||
| 100 | _aJimenez, Carmen | ||
| 245 | _aCommunity organizing participatory action research for community health development; helping people grow and glow / | ||
| 260 |
_aBicutan : _bDaughters of Charity, _cc2005. |
||
| 300 |
_aviii; _b211p : ill. ; _c23 cm. |
||
| 504 | _aIncludes bibliographical references. | ||
| 650 | _a1. Community health services. | ||
| 650 | _a2. Public Health. | ||
| 942 |
_2ddc _n0 _cBK - FIL _kFil. |
||
| 999 |
_c2643 _d2643 |
||